000 00525nmm a2200169Ia 4500
008 251105s9999||||xx |||||||||||||||||und||
020 _a9788475220901
041 _aspa
100 _aSánchez Martínez, José Antonio
245 0 _aPrácticas de lo real en la escena contemporánea
264 _a[Madrid, España] :
_bVisor Libros,
_c2007
300 _a325 páginas
490 _aBiblioteca Filológica Hispana
650 _aSpanish literature
856 _uhttps://public.digitaliapublishing.com/a/24163
942 _cCF
999 _c84930
_d84930